| 000 | 00590nam a2200205 i 4500 | ||
|---|---|---|---|
| 001 | 114730 | ||
| 003 | ES-MaACL | ||
| 005 | 20250328063129.0 | ||
| 007 | t| | ||
| 008 | 070322m19671968sp ||||1| spa d | ||
| 100 | 1 |
_aAdro Xavier, _d1910-1998 _918481 |
|
| 245 | 1 | 3 |
_aEl otro Dios ; El otro Cristo ; La otra iglesia / _cAdro Xavier. |
| 250 | _a1ยช ed. | ||
| 260 |
_aBarcelona : _bLuis Caralt, _c1967-68. |
||
| 300 |
_a3 v. ; _c20 cm. |
||
| 740 | 3 | _aEl otro Cristo. | |
| 740 | 3 | _aLa otra iglesia. | |
| 852 |
_aES-MaACL _jC-50439-41 _bR.64503 |
||
| 999 |
_c114730 _d114730 |
||